|
|
|
|
| LEADER |
00836nz a2200409n 4500 |
| 001 |
000055921 |
| 003 |
SVKKK |
| 005 |
00000000000000.0 |
| 008 |
06 |n|annnnaabn | a|c |
| FMT |
|
|
|
| 040 |
|
|
|a SVKKK
|b slo
|e AACR2
|
| 080 |
|
|
|a 061
|
| 080 |
|
|
|a 323.113
|
| 080 |
|
|
|a 339
|
| 100 |
1 |
|
|a STUPJANSKÝ, A. J.,
|d 1874
|
| 670 |
|
|
|a Potulky po Šariši
|
| 678 |
0 |
|
|a Narodený 30.11.1874 Rokytov, zomrel Obchodník, pracovník krajanský
|
| 909 |
|
|
|a SK
|
| 971 |
|
|
|
| 972 |
|
|
|
| 973 |
|
|
|
| 975 |
|
|
|
| 979 |
|
|
|
| 981 |
|
|
|
| 981 |
|
|
|
| 981 |
|
|
|
| 981 |
|
|
|
| 981 |
|
|
|
| 993 |
|
|
|
| 993 |
|
|
|
| 994 |
|
|
|
| 994 |
|
|
|
| 994 |
|
|
|
| 994 |
|
|
|
| 995 |
|
|
|a Kováč, Edward jr.
|c Potulky po Šariši
|d Scranton: Bosak publications, Inc., 1961. - S. 217 - 218
|
| BAS |
|
|
|
| 998 |
|
|
|a REOS
|